Catálogo
 En Linea

Mujeres de febrero. (Registro nro. 45617)

Detalles MARC
000 -CABECERA
campo de control de longitud fija 00915nam a2200181 a 4500
001 - NÚMERO DE CONTROL
campo de control 000046128
005 - FECHA Y HORA DE LA ÚLTIMA TRANSACCIÓN
campo de control 20201002052645.0
008 - DATOS DE LONGITUD FIJA--INFORMACIÓN GENERAL
campo de control de longitud fija 110427s2012 dr r 000 0 spa d
040 ## - FUENTE DE LA CATALOGACIÓN
Centro catalogador/agencia de origen DO-SdBNP
Lengua de catalogación spa
Centro/agencia transcriptor BNPHU
082 ## - NÚMERO DE LA CLASIFICACIÓN DECIMAL DEWEY
Número de clasificación xxxx
Número de documento/Ítem M953, 2012
245 00 - MENCIÓN DE TÍTULO
Título Mujeres de febrero.
250 ## - MENCIÓN DE EDICIÓN
Mención de edición 7a ed.
260 ## - PUBLICACIÓN, DISTRIBUCIÓN, ETC.
Lugar de publicación, distribución, etc. Santo Domingo :
Nombre del editor, distribuidor, etc. Secretaría de Estado de la Mujer,
Fecha de publicación, distribución, etc. 2012.
300 ## - DESCRIPCIÓN FÍSICA
Extensión 22 p. ;
Dimensiones 21 cm.
504 ## - NOTA DE BIBLIOGRAFÍA, ETC.
Nota de bibliografía, etc. Bibliografía : p. 22
505 1# - NOTA DE CONTENIDO CON FORMATO
Nota de contenido con formato Presentación -- Frebrero el mes de la patria -- María Baltasara de los Reyes -- Josefa Antonia Pérez de la Paz (Chepita) -- Ana Valverde -- María Trinidad Sánchez -- Juana Saltitopa -- Concepción Bona -- Manuela Diez y Jiménez -- Rosa Duarte -- María de las Angustias Villa -- Filomena Gómez de Cova -- Rosa Montás de Duvergé -- Froilana Febles -- María de Jesús Pina -- Rosa Bastardo de Guillermo -- Bibliografía
590 ## - NOTA LOCAL (RLIN)
Nota local Inventariado, 2019/BT
Existencias
Estado de retiro Estado de pérdida No para préstamo Código de colección Localización permanente Ubicación/localización actual Ubicación en estantería Fecha de adquisición Número de inventario Total de préstamos Signatura topográfica completa Código de barras Fecha visto por última vez Precio válido a partir de Tipo de ítem Koha Nota pública Número de copia
    Excluido de préstamo Patrimonio Dominicano Patrimonio Dominicano Patrimonio Dominicano Depósito 24.06.2015 LF1   xxxx M953, 2012 46128-10 25.06.2020 25.06.2020 Libro y Folleto Colección Patrimonio Dominicano Perteneció a la biblioteca personal de Chiqui Vicioso / Fidelio Despradel.  
    Excluido de préstamo Patrimonio Dominicano Patrimonio Dominicano Patrimonio Dominicano Depósito 11.12.2018 LF1   xxxx M953, 2012 46128-20 25.06.2020 25.06.2020 Libro y Folleto Colección Patrimonio Dominicano   e. 2

Con tecnología Koha